[Event "St Petersburg Korchnoi Memorial op"]
[Site "St Petersburg"]
[Date "2023.08.20"]
[Round "4"]
[White "Kuznetsov, Pavel Dm"]
[Black "Sin, Albert"]
[Result "0-1"]
[WhiteElo "1078"]
[BlackElo "1503"]
[PlyCount "120"]
[EventDate "2023.08.18"]
[EventType "swiss"]
[EventRounds "9"]
[EventCountry "RUS"]
[SourceTitle "CBM 216 Extra"]
[Source "ChessBase"]
[SourceDate "2023.11.30"]
[SourceVersion "1"]
[SourceVersionDate "2023.11.30"]
[SourceQuality "1"]

1. d4 Nf6 2. c4 g6 3. Nc3 Bg7 4. e4 d6 5. Be2 0-0 6. Be3 e5 7. d5 a5 8. g4 Ne8 9. g5 f5 10. gxf6 Bxf6 11. Qd2 c6 12. 0-0-0 Na6 13. Nf3 Rb8 14. h4 Bg4 15. Ng5 Bxe2 16. Qxe2 Qe7 17. Rdg1 Nec7 18. h5 h6 19. Nh7 Kxh7 20. hxg6+ Kg8 21. Rxh6 Rfc8 22. g7 Bxg7 23. Rhg6 Ne8 24. Bh6 Rc7 25. Rxg7+ Nxg7 26. Rxg7+ Qxg7 27. Bxg7 Rxg7 28. Qd2 Rg6 29. Ne2 Rf8 30. Ng3 Nb4 31. b3 Rf3 32. Qe2 Rc3+ 33. Kb2 Rc2+ 34. Qxc2 Nxc2 35. Kxc2 cxd5 36. exd5 Kf7 37. Ne4 Ke7 38. a4 Rg4 39. Kd3 Rh4 40. Ng3 Rd4+ 41. Kc3 Rf4 42. b4 Rxf2 43. Ne4 Rf3+ 44. Kd2 axb4 45. c5 dxc5 46. Nxc5 Ra3 47. Nxb7 Kd7 48. a5 Kc7 49. a6 Rxa6 50. Nc5 Ra5 51. d6+ Kc6 52. Nd3 Rd5 53. Kc2 b3+ 54. Kc3 Rxd3+ 55. Kxd3 Kxd6 56. Kc3 Kd5 57. Kxb3 Ke4 58. Kc3 Ke3 59. Kc4 Kf3 60. Kd3 e4+ 0-1

[Event "St Petersburg Korchnoi Memorial op"]
[Site "St Petersburg"]
[Date "2023.08.18"]
[Round "1"]
[White "Sin, Albert"]
[Black "Zhambalov, Bator1"]
[Result "0-1"]
[WhiteElo "1503"]
[BlackElo "2033"]
[PlyCount "64"]
[EventDate "2023.08.18"]
[EventType "swiss"]
[EventRounds "9"]
[EventCountry "RUS"]
[SourceTitle "CBM 216 Extra"]
[Source "ChessBase"]
[SourceDate "2023.11.30"]
[SourceVersion "1"]
[SourceVersionDate "2023.11.30"]
[SourceQuality "1"]

1. c4 e5 2. Nc3 Nf6 3. g3 c6 4. Nf3 Bd6 5. c5 Bxc5 6. Nxe5 d5 7. d4 Bd6 8. Nd3 0-0 9. Bg2 Bf5 10. 0-0 Re8 11. f3 Nbd7 12. Nf2 Bb4 13. Re1 c5 14. a3 Ba5 15. e4 cxd4 16. Qxd4 dxe4 17. fxe4 Bb6 18. Qd2 Ng4 19. Ncd1 Be6 20. Kh1 Nxf2+ 21. Nxf2 Ne5 22. Nh3 Nd3 23. Rf1 Bxh3 24. Bxh3 Qd4 25. Bg2 Nf2+ 26. Rxf2 Qxf2 27. Qxf2 Bxf2 28. Bd2 Rad8 29. Bc3 Bd4 30. Rb1 Bxc3 31. bxc3 b6 32. h4 Rd3 0-1